Представление документа в формате RUSMARC

ПолеНазваниеЗначение
  Тип записи a
  Библиографический уровень a
001 Контрольный номер RU/CBS_UL/BASE/20edb0b28e7e49b89e83cd478e1367bf
005 Дата корректировки 20260311145406.3
100 Данные общей обработки __
a Данные общей обработки 20260311 ||| 0rusy0189 ca
101 Язык документа 0_
a Язык текста rus
102 Страна публикации __
a Страна публикации RU
200 Заглавие и сведения об ответственности 1_
a Заглавие "Английский царь"
e Сведения, относящиеся к заглавию [дипломатические и торговые связи между Россией и Англией в эпоху Ивана Грозного]
f Первые сведения об ответственности А. Филюшкин
300 Общие примечания __
a Общие примечания 12+
461 Уровень набора _0
1 2000
a Историк
463 Уровень физической единицы _0
1 2000
a № 2
v С. 12-17 : ил
1 2101
d 2026
1 001RU/CBS_UL/BASE/db58796a22484442a29cb0e1ec5db407
600 Персоналии _1
a Персоналии (Фамилия) Иван IV Грозный
606 Тематические рубрики 0_
a Основная рубрика Россия - Внешняя политика - Великобритания
610 Ключевые слова 0_
a Ключевые слова взаимоотношения России и Великобритании
610 Ключевые слова 0_
a Ключевые слова русско-английские отношения
610 Ключевые слова 0_
a Ключевые слова отношения русско-английские
610 Ключевые слова 0_
a Ключевые слова англо-русские отношения
610 Ключевые слова 0_
a Ключевые слова отношения англо-русские
610 Ключевые слова 0_
a Ключевые слова дипломатические отношения России
610 Ключевые слова 0_
a Ключевые слова торговые отношения России
686 Индексы других классификаций __
2 Код системы rubbk
a Классификационный индекс 63.3(2)43
700 Автор _1
a Фамилия Филюшкин
b Имя (инициалы) А.
801 Источник записи _0
a Страна RU
b Организация МБУК ЦБС г. Ульяновска
c Дата составления 20260311
g Правила каталогизации RCR
801 Источник записи _1
a Страна RU
b Организация МБУК ЦБС г. Ульяновска
c Дата составления 20260311
g Правила каталогизации RCR
901 Тип документа __
t Тип документа b
w Контрольный № источника RU/CBS_UL/BASE/db58796a22484442a29cb0e1ec5db407
909 Создатель записи __
a Создатель записи lib2